Stolice Ameryki Północnej - Quiz na mapie - Statystyki

Ogólne statystyki
  • Ten quiz został rozwiązany 11 671 razy
  • Średni wynik to 11 z 23
Odpowiedzi na mapie
Odpowiedzi zakodowano w zielono-czerwonej skali na mapie do tego quizu, zgodnie z poniższymi procentami.
 
Statystyki odpowiedzi
Odpowiedź % Poprawnych
Meksyk
93%
Waszyngton
93%
Ottawa
89%
Panama
72%
Hawana
68%
Gwatemala
62%
San Salvador
60%
Santo Domingo
49%
Kingston
46%
Port-au-Prince
44%
San José
44%
Nassau
43%
Belmopan
41%
Port-of-Spain
40%
Tegucigalpa
40%
Managua
38%
Bridgetown
24%
Saint George's
23%
Roseau
22%
Kingstown
20%
Saint John’s
20%
Basseterre
18%
Castries
18%
Nie znaleziono quizów pasujących do podanych kryteriów
Rozkład punktacji
Procent ludzi z każdym wynikiem
Percentyl według liczby udzielonych odpowiedzi
Twoja historia wyników
Nie rozwiązałeś tego quizu